000 00393nam a2200133Ia 4500
008 100328s9999 xx 000 0 und d
082 _b17512
100 _aसिंह बलवंत
245 _aसपने सुहाने
260 _bशिक्षा भारती
630 _aसपने सुहाने
730 _aसपने सुहाने
942 _cBOOK
999 _c512078
_d512075